Countries Closest to Zimbabwe A-Z - Statistics

General Stats
  • This quiz has been taken 113 times
  • The average score is 18 of 24
Answer Stats
letter country % Correct
B Botswana
93%
Z Zambia
92%
A Angola
91%
S South Africa
90%
D Dem Rep Congo
88%
Q Qatar
84%
T Tanzania
84%
M Mozambique
83%
R Rwanda
83%
U Uganda
82%
E Eswatini
80%
L Lesotho
80%
Y Yemen
79%
N Namibia
78%
O Oman
78%
K Kenya
76%
G Gabon
71%
J Jordan
64%
C Comoros
63%
F France
59%
V Vatican City
58%
H Hungary
53%
I Israel
48%
P Pakistan
40%
No matching quizzes found
Score Distribution
Percent of People with Each Score
Percentile by Number Answered
Your Score History
You have not taken this quiz